[Event "World Blitz Final KO 2024"]
[Site "New York USA"]
[Date "2024.12.31"]
[Round "1.1"]
[White "Nepomniachtchi, Ian"]
[Black "Murzin, Volodar"]
[Result "1/2-1/2"]
[WhiteTitle "GM"]
[BlackTitle "GM"]
[WhiteElo "2755"]
[BlackElo "2664"]
[WhiteFideId "4168119"]
[BlackFideId "44155573"]
[EventDate "2024.12.31"]
[EventType "k.o."]

1. e4 e5 2. Nf3 Nc6 3. Bc4 Bc5 4. c3 Nf6 5. d3 h6 6. b4 Bb6 7. a4 a6 8. O-O O-O
9. h3 d6 10. Nbd2 Be6 11. Bxe6 fxe6 12. Re1 Ne7 13. Nf1 Ng6 14. a5 Ba7 15. Be3
Bxe3 16. Rxe3 Qd7 17. g3 Rf7 18. Ra2 Raf8 19. N1h2 Kh8 20. Rd2 Qc6 21. Qb3 d5
22. Rde2 Rd7 23. exd5 Nxd5 24. Nxe5 Nxe5 25. Rxe5 Qxc3 26. Qxc3 Nxc3 27. Rc2 Nb5
28. Re3 Nd4 29. Rc4 Rf5 30. Kg2 Rb5 31. Ng4 Nc6 32. Rxe6 Rxd3 33. Rf4 Rd7 34.
Ree4 Kh7 35. h4 Re7 36. Rc4 Ne5 37. Nxe5 Rbxe5 38. g4 h5 39. g5 Kg6 40. Kg3 Rd5
41. f3 c6 42. Rfe4 Rxe4 43. Rxe4 Kf7 44. Kf4 Rb5 45. Rc4 Ke6 46. Re4+ Kf7 47.
Rc4 Ke6 48. Ke3 Ke7 49. f4 Ke6 50. Ke4 g6 51. Rd4 c5 52. bxc5 Rxc5 53. Rd8 Rxa5
54. Rf8 Rf5 55. Rxf5 gxf5+ 56. Kd4 b6 57. Kc4 Kd6 58. Kb4 Kd5 59. Ka4 Ke6 60.
Kb4 Kd5 1/2-1/2

[Event "World Blitz Final KO 2024"]
[Site "New York USA"]
[Date "2024.12.31"]
[Round "1.2"]
[White "Murzin, Volodar"]
[Black "Nepomniachtchi, Ian"]
[Result "0-1"]
[WhiteTitle "GM"]
[BlackTitle "GM"]
[WhiteElo "2664"]
[BlackElo "2755"]
[WhiteFideId "44155573"]
[BlackFideId "4168119"]
[EventDate "2024.12.31"]
[EventType "k.o."]

1. d4 Nf6 2. Nf3 d5 3. c4 e6 4. g3 dxc4 5. Bg2 Nc6 6. Qa4 Bb4+ 7. Bd2 Nd5 8.
Bxb4 Nxb4 9. O-O O-O 10. Nc3 Bd7 11. Qd1 Nd5 12. Ne4 Qe7 13. Rc1 Na5 14. Ne5
Rfd8 15. Nxc4 Nxc4 16. Rxc4 Bc6 17. Rc1 e5 18. e3 exd4 19. exd4 Qb4 20. b3 Ne7
21. Qe1 Qxd4 22. Nc5 Bxg2 23. Kxg2 Qd5+ 24. Qe4 b6 25. Rfd1 Qxe4+ 26. Nxe4 c5
27. Nd6 Nc6 28. Nb5 Kf8 29. a3 Rac8 30. Rxd8+ Rxd8 31. b4 Nd4 32. Nxa7 Ra8 33.
bxc5 bxc5 0-1

[Event "World Blitz Final KO 2024"]
[Site "New York USA"]
[Date "2024.12.31"]
[Round "1.3"]
[White "Nepomniachtchi, Ian"]
[Black "Murzin, Volodar"]
[Result "1-0"]
[WhiteTitle "GM"]
[BlackTitle "GM"]
[WhiteElo "2755"]
[BlackElo "2664"]
[WhiteFideId "4168119"]
[BlackFideId "44155573"]
[EventDate "2024.12.31"]
[EventType "k.o."]

1. e4 e5 2. Nf3 Nc6 3. Bc4 Bc5 4. d3 h6 5. Nc3 Nf6 6. a3 d6 7. Na4 Bb6 8. O-O
O-O 9. h3 Be6 10. Bxe6 fxe6 11. b4 d5 12. Nxb6 axb6 13. Bb2 dxe4 14. dxe4 Qxd1
15. Raxd1 Nxe4 16. Nxe5 Nd6 17. Rfe1 Rfe8 18. Rd3 Re7 19. Ng6 Ree8 20. Ne5 Re7
21. Nxc6 bxc6 22. Rc3 b5 23. Rxc6 Nc4 24. Bc1 Nxa3 25. Rc5 Ra6 26. Kh2 Kf7 27.
Re3 Nc4 28. Rf3+ Kg6 29. Rxb5 Ra1 30. Rc5 Nb6 31. Bf4 Nd5 32. b5 Rb1 33. c4 Nxf4
34. Rxf4 Rb2 35. Kg3 Rd2 36. Re4 Kf6 37. Rf4+ Kg6 38. Rf8 Rdd7 39. Rc6 Kg5 40.
h4+ Kg6 41. f3 Rd4 42. Rc8 Rdd7 43. Ra8 Kf6 44. Ra7 Kf7 45. c5 Kf6 46. Rb7 Rf7
47. Ra6 Rd5 48. c6 Rc5 49. Raa7 Re7 50. Ra8 e5 51. Rc8 Rc3 52. Rcxc7 1-0